| 000 | 01149nam a2200313 c 4500 | ||
|---|---|---|---|
| 001 | 11957 | ||
| 003 | ES-MaCES | ||
| 005 | 20160629131857.0 | ||
| 008 | 010420s2001 lu t o000 | spa d | ||
| 035 | _aCES20010004745m | ||
| 040 |
_aES-MaCES _bspa _cES-MaCES |
||
| 110 | 2 |
_92014 _aComisión de las Comunidades Europeas |
|
| 245 | 1 | 0 | _aComunicación de la Comisión al Consejo relativa al informe de la Comisión sobre la Agencia Europea para la Seguridad y la Salud en el Trabajo |
| 260 |
_aLuxemburgo _bOficina de Publicaciones Oficiales de las Comunidades Europeas _c2001 |
||
| 300 |
_a15 p. _c30 cm |
||
| 490 | 1 |
_aCOM(01) _v163 final |
|
| 500 | _aTít. tomado de la cub. | ||
| 541 | _cSuscripción conjunta | ||
| 610 | 2 | 4 |
_aAgencia Europea para la Seguridad y la Salud en el Trabajo _91261 |
| 650 | 4 |
_ainforme de actividades _928984 |
|
| 650 | 4 |
_aorganización regional _926703 |
|
| 650 | 4 |
_a1996-2000 _931148 |
|
| 653 | 1 | 0 | _aInstituciones comunitarias |
| 650 | 4 |
_926752 _aUE |
|
| 830 | 0 |
_aCOM(01) _v163 final _933547 |
|
| 902 | _aDOC Literatura gris | ||
| 942 |
_2CES _cBK _h6.4. |
||
| 999 |
_c11957 _d11957 |
||